Ke strategii privatizace. 3.

Tri základné kroky privatizácie: deetatizácia, založenie obchodných spoločností, družstiev samosprávnych podnikov, podnikov s účasťou zamestnancov a pod., postupný odpredaj majetkových podielov štátu. Inštitucionálnym zavęšením deetatizácie je vznik Fondu národného majetku. Hlavné úlohy Fondu. Motiv...

Full description

Saved in:
Bibliographic Details
Main Author: Klusoň, Václav
Format: Book Chapter
Language:Czech
Subjects:
Tags: Add Tag
No Tags, Be the first to tag this record!

MARC

LEADER 00000naa a2200000 4500
001 r003483
005 20220819180850.8
041 0 |a cze 
044 |a [CS] 
245 1 0 |a Ke strategii privatizace. 3.  |c Václav Klusoň 
520 |a Tri základné kroky privatizácie: deetatizácia, založenie obchodných spoločností, družstiev samosprávnych podnikov, podnikov s účasťou zamestnancov a pod., postupný odpredaj majetkových podielov štátu. Inštitucionálnym zavęšením deetatizácie je vznik Fondu národného majetku. Hlavné úlohy Fondu. Motivácia rozlíšenia malej a veľkej privatizácie. Menové aspekty privatizácie. 
610 2 0 |a privatizácia 
610 2 0 |a spoločnosti obchodné 
610 2 0 |a podnik 
610 2 0 |a družstvá 
610 2 0 |a štát 
610 2 0 |a majetok národný 
610 2 0 |a ČSFR 
100 1 |a Klusoň, Václav